| 000 | 00576nam a2200229 a 4500 | ||
|---|---|---|---|
| 001 | 14097 | ||
| 003 | BD-JhCC | ||
| 005 | 20241208132754.0 | ||
| 008 | 241208b19982006enk |||| ||a| 001 0 eng d | ||
| 020 | _a9781861962781 | ||
| 035 | _a(BD-JhCC)14097 | ||
| 040 |
_aBD-JhCC _dBD-JhCC |
||
| 041 | _aenglish | ||
| 082 |
_a158.1 _bGRE 2006 |
||
| 100 | _aGreene,Robert | ||
| 245 |
_aThe 48 Laws of Power / _cRobert Greene. |
||
| 260 |
_aEngland: _bProfile books; _c2006. |
||
| 300 |
_a452 p. : _c24 cm |
||
| 651 | _aSelf-help and meditation | ||
| 942 |
_2ddc _cBK |
||
| 999 |
_c14097 _d14097 |
||